| 000 | 00480nam a2200169Ia 4500 | ||
|---|---|---|---|
| 008 | 210210b1997 xxu||||| |||| 00| 0 eng d | ||
| 020 | _a0 333 60886 0 | ||
| 082 | _a820.9 PECS | ||
| 100 | _aPECK (John) | ||
| 245 | _aSeamus Heaney:New casebooks ed by Michael Allen. | ||
| 260 |
_aLondon _bMacmillan Press Ltd _c1997 |
||
| 300 | _a279 | ||
| 650 | _aSeamus Heaney Critical Essays New Case Books | ||
| 690 | _aEnglish Criticism | ||
| 700 | _aCOYLE (Martin). | ||
| 906 | _a056040 | ||
| 999 |
_c103660 _d103660 |
||